00873nam a2200265Ia 450000500170000000800410001702000150005810000290007324500410010225000190014330000260016250500700018865000390025865000410029765000420033865000340038094200150041426400290042933600270045833700330048533800280051804000350054608400110058199900150059220220317000508.0160601s2003 sp a g 000 0 spa  a84896936681 aNeruda, Pablod1904-197310aAntología poética cPablo Neruda a6a. edición  a352 páginasc22 cm  aLos veinte poemas -- La canción desesperada -- Odas elementales142LEMB aPoesía chilena ySiglo XX142LEMB aLiteratura chilena ySiglo XX142LEMB aSentimientos en la literatura 142LEMB aAmor en la literatura  2loccBKLIT aBarcelona bOptimac2003 atextobtxt2rdacontent asin mediaciónbn2rdamedia avolumenbnc2rdacarrier aCO-BoRNBPbspaerdacCO-BoRNBP aP NER1 c4206d4206